[Event "Sachsen-ch U16"]
[Site "Sebnitz"]
[Date "2009.04.14"]
[Round "1"]
[White "Mueller, Richard"]
[Black "Funke, Johannes"]
[Result "1/2-1/2"]
[WhiteElo "1830"]
[BlackElo "1578"]
[PlyCount "99"]
[EventDate "2009.04.14"]
[EventType "swiss"]
[EventRounds "7"]
[EventCountry "GER"]
[SourceTitle "EXT 2010"]
[Source "ChessBase"]
[SourceDate "2010.11.25"]
[SourceVersion "1"]
[SourceVersionDate "2010.11.25"]
[SourceQuality "1"]

1. d4 d5 2. c4 c6 3. Nc3 Nf6 4. Nf3 e6 5. cxd5 exd5 6. Bg5 Be7 7. e3 Bf5 8. Bd3 Bxd3 9. Qxd3 Nbd7 10. 0-0 0-0 11. Rab1 a5 12. a3 Re8 13. Rfc1 Nh5 14. Bxe7 Qxe7 15. Na4 Nhf6 16. Nc5 Nxc5 17. Rxc5 Ne4 18. Rcc1 Rec8 19. Qd1 Nd6 20. h3 f6 21. Nd2 Ne4 22. Nxe4 Qxe4 23. b4 axb4 24. axb4 b5 25. Ra1 Qe8 26. Qc2 Rxa1 27. Rxa1 Ra8 28. Rc1 Ra6 29. Re1 Qd7 30. Qc3 Kf7 31. f3 f5 32. Qd3 Ra4 33. Rb1 g6 34. Qc3 Qd6 35. Qd2 Qe7 36. Kh1 Ra3 37. Re1 Ra4 38. Rb1 Ra3 39. Qc1 Ra6 40. Rb2 Qd6 41. Rc2 Ke8 42. Qe1 Qe7 43. Re2 Kf7 44. e4 dxe4 45. fxe4 fxe4 46. Rxe4 Qd6 47. Qf2+ Kg7 48. Qe1 Kf7 49. h4 Ra4 50. Qf2+ 1/2-1/2

[Event "Sachsen-ch U14"]
[Site "Sebnitz"]
[Date "2007.04.10"]
[Round "1"]
[White "Funke, Johannes"]
[Black "Lindner, Sebastian"]
[Result "0-1"]
[WhiteElo "1361"]
[BlackElo "1560"]
[PlyCount "98"]
[EventDate "2007.04.10"]
[EventType "swiss"]
[EventRounds "7"]
[EventCountry "GER"]
[SourceTitle "EXT 2008"]
[Source "ChessBase"]
[SourceDate "2007.11.25"]
[SourceVersion "1"]
[SourceVersionDate "2007.11.25"]
[SourceQuality "1"]

1. e4 c5 2. Nf3 d6 3. d4 cxd4 4. Nxd4 Nf6 5. Nc3 a6 6. Be2 e6 7. Be3 b5 8. a3 Bb7 9. f3 Nbd7 10. 0-0 Be7 11. Qd2 0-0 12. Rad1 d5 13. Bd3 e5 14. Nf5 d4 15. Bh6 dxc3 16. bxc3 Nh5 17. g4 Nf4 18. Bxg7 Bg5 19. Qe1 Qb6+ 20. Kh1 Rfd8 21. h4 Bf6 22. Bh6 Qc5 23. Ra1 Nb6 24. Qf2 Qxf2 25. Rxf2 Nxd3 26. cxd3 Rxd3 27. Rc1 Rc8 28. g5 Bd8 29. Rfc2 Rc7 30. Bg7 Rc5 31. Kg2 Nc4 32. Kf2 Rd7 33. Ra1 Bc6 34. Raa2 Nd6 35. Nxd6 Rxd6 36. Bh6 Bd7 37. Ra1 Be6 38. Ke3 Be7 39. f4 exf4+ 40. Kxf4 Rdc6 41. Rac1 Bd6+ 42. Ke3 Be5 43. Rd2 Rxc3+ 44. Rxc3 Rxc3+ 45. Kf2 Rc8 46. h5 Bg7 47. Bxg7 Kxg7 48. Rd6 a5 49. Rb6 Rc5 0-1

[Event "Sachsen-ch U12"]
[Site "Sebnitz"]
[Date "2005.03.30"]
[Round "4"]
[White "Funke, Johannes"]
[Black "Brjakow, Sergej"]
[Result "0-1"]
[WhiteElo "1247"]
[BlackElo "1095"]
[PlyCount "112"]
[EventDate "2005.03.29"]
[EventType "swiss"]
[EventRounds "7"]
[EventCountry "GER"]
[SourceTitle "EXT 2007"]
[Source "ChessBase"]
[SourceDate "2006.11.23"]
[SourceVersion "1"]
[SourceVersionDate "2006.11.23"]
[SourceQuality "1"]

1. e4 e5 2. Nf3 Nc6 3. d4 exd4 4. Nxd4 Bc5 5. Be3 Qf6 6. c3 Nh6 7. f3 0-0 8. Bb5 Bd6 9. Nd2 Qh4+ 10. Bf2 Qg5 11. g3 Nxd4 12. cxd4 Qxb5 13. Qc2 b6 14. Be3 Ba6 15. 0-0-0 Qh5 16. g4 Qh4 17. h3 Rac8 18. g5 c5 19. d5 Bf4 20. Bxf4 Qxf4 21. gxh6 Qxh6 22. Kb1 c4 23. Qc3 b5 24. a3 Rb8 25. Rhg1 Rb6 26. Rg2 g6 27. Rh1 Rfb8 28. b4 cxb3 29. Nxb3 b4 30. axb4 Rxb4 31. Rb2 Rc4 32. Qe5 Rcc8 33. Qd6 Bd3+ 34. Ka1 Qg7 35. Qa3 Rc3 36. Ka2 Rb6 37. Rc1 Ra6 38. Rxc3 Qxc3 39. Qxa6 Bxa6 40. Nd2 Qa5+ 41. Kb1 Bd3+ 42. Kc1 Qa1+ 43. Rb1 Qc3+ 44. Kd1 Bxb1 45. Nxb1 Qxf3+ 46. Kd2 a5 47. Nc3 Qf2+ 48. Kd3 Qg3+ 49. Kc4 Qxh3 50. Kc5 Qxc3+ 51. Kd6 a4 52. Kxd7 a3 53. d6 a2 54. Ke8 a1Q 55. d7 Qe5+ 56. Kd8 Qa8# 0-1